00565 a2200169 450000100060000002000180000604000220002410000310004624000420007724500370011930000080015636200090016465000900017394200070026395201080027099900170037862710 a9783126758567 cAnchieta - Pituba aJanke-Papanicolaou, Sylvia10aSo geht's noch besser neu A2- B1lpor10aSo geht's noch besser neu A2- B1 a1190 a2015 4a Uso padrão da língua alemã (prescptiva linguística - proficiência alemã) cBK 00104070a91.1b91.1d2023-11-21l0o438 J33s JAN SOGp15870/PITr2023-11-21 18:31:18w2023-11-21yBK c62710d62710